000 01638cam a2200361 a 4500
005 20260322212046.0
008 data
010 _a 2003009963
020 _a0689865252
020 _a9780689865251
040 _aDLC
_cDLC
_dDLC
042 _alcac
050 0 0 _aPZ7.G9305
_bOn 2004
082 0 0 _a[Fic]
_221
100 1 _aGrover, Lorie Ann.
245 1 0 _aOn pointe /
_cLorie Ann Grover.
250 _a1st ed.
260 _aNew York :
_bMargaret K. McElderry Books,
_cc2004.
300 _a315 p. ;
_c22 cm.
520 _aIn this novel written in free verse, Clare and her grandfather must deal with changes in their lives when Clare's summer growth spurt threatens to end her dream of becoming a ballet dancer and her grandfather suffers a stroke.
650 1 _aBallet dancing
_vFiction.
650 1 _aGrandfathers
_vFiction.
650 1 _aChange
_vFiction.
650 1 _aSelf-perception
_vFiction.
650 1 _aNovels in verse.
856 4 2 _3Publisher description
_uhttp://www.loc.gov/catdir/enhancements/fy0630/2003009963-d.html
856 4 1 _3Sample text
_uhttp://www.loc.gov/catdir/enhancements/fy0640/2003009963-s.html
856 4 2 _3Contributor biographical information
_uhttp://www.loc.gov/catdir/enhancements/fy1001/2003009963-b.html
906 _a7
_bcbc
_corignew
_d1
_eecip
_f20
_gy-gencatlg
925 0 _aacquire
_b2 shelf copies
_xpolicy default
955 _dlb10 2003-05-30
_elb16 2003-06-05 to Cip
_flb25 2005-04-06;
_glb25 2005-04-06 to BCCD, copy 1
001 data
999 _c1074
_d1074